ELEMENTS OF PHARMACOLOGY (Record no. 26396)
[ view plain ]
| 000 -LEADER | |
|---|---|
| fixed length control field | 00358nam a22001577a 4500 |
| 003 - CONTROL NUMBER IDENTIFIER | |
| control field | SGT |
| 082 ## - DEWEY DECIMAL CLASSIFICATION NUMBER | |
| Classification number | 615 |
| Item number | E23G |
| 100 ## - MAIN ENTRY--PERSONAL NAME | |
| Personal name | GOYAL, RAMESH.K,ed. |
| 245 ## - TITLE STATEMENT | |
| Title | ELEMENTS OF PHARMACOLOGY |
| 250 ## - EDITION STATEMENT | |
| Edition statement | 26TH |
| 260 ## - PUBLICATION, DISTRIBUTION, ETC. (IMPRINT) | |
| Place of publication, distribution, etc | AHMEDABAD |
| Name of publisher, distributor, etc | BS.SHAH PRAKASHAN |
| Year of Publication | 2023 |
| 300 ## - PAGE DESCRIPTION | |
| No. of Pages | 612 |
| 650 ## - SUBJECT ADDED ENTRY--TOPICAL TERM | |
| Topical term or geographic name as entry element | PHARMACOLOGY |
| 653 ## - KEYWORDS--INDEX TERM | |
| Keyword term | ELEMENTS, PHARMACOLOGY |
| 942 ## - ADDED ENTRY ELEMENTS (KOHA) | |
| Source of classification or shelving scheme | Dewey Decimal Classification |
| Koha item type | Books |
| Withdrawn status | Lost status | Source of classification or shelving scheme | Damaged status | Not for loan | Collection code | Home library | Current library | Shelving location | Date acquired | Cost, normal purchase price | SGTU | Total Checkouts | Full call number | Accession No. (Barcode) | Date last seen | Bill Date | Koha item type |
|---|---|---|---|---|---|---|---|---|---|---|---|---|---|---|---|---|---|
| Dewey Decimal Classification | PHARMACY | SGT FA-FP Library | SGT FA-FP Library | Text Book | 27/05/2024 | 825.00 | SGTU | 615 E23G | FP4698 | 27/05/2024 | 27/05/2024 | Books |